Grammars for programming languages /

Guardado en:
Autor Principal: Cleaveland, J. Craig.
Otros Autores: Uzgalis, Robert C.
Formato: Libro
Idioma:English
Publicado: New York : Elsevier, c1977.
Series:Programming languages series ; 4
Materias:
Etiquetas: Agregar Etiqueta
Sin Etiquetas, Sea el primero en etiquetar este registro!
LEADER 00841cam a2200253 a 4500
001 MAT.inmabb002934
008 760714s1977####nyua#####b####001#0#eng##
005 20160606170016.0
245 1 0 |a Grammars for programming languages /  |c J. Craig Cleaveland and Robert C. Uzgalis. 
260 |a New York :  |b Elsevier,  |c c1977. 
300 |a xiii, 154 p. :  |b il. ;  |c 24 cm. 
440 0 |a Programming languages series ;  |v 4 
500 |a "Elsevier computer science library." 
504 |a Bibliografía: p. 149-151. 
510 4 |a MR,  |c 56 #10086 
020 |a 0444001875 
020 |a 0444001999 (pbk.) 
100 1 |a Cleaveland, J. Craig. 
700 1 |a Uzgalis, Robert C. 
650 0 |a Programming languages (Electronic computers) 
650 0 |a Formal languages. 
010 |a  76025909  
040 |a DLC  |c DLC  |d DLC 
859 |h 68  |i C623  |p A-4894  |b BIB. MATEMATICA